Bonnie Tyler songs - Sudden Death - Statistics

General Stats
  • This quiz has been taken 22 times
  • The average score is 3 of 10
Answers on the Grid
Answers color-coded by a green-red scale on the quiz's grid according to % correct below.
Total Eclipse of the Heart
Holding out for a Hero
If you were a woman (and I was a man)
It's a heartache
The Best
Lost in France
If I sing you a love song
Take me back
Have you ever seen the rain?
Loving you's a dirty job
Listen to your heart
What's love got to do with it
I will always love you
I need a hero
All about lovin' you
It's my life
Only lonely
Knowing me, knowing you
Take a chance on me
Always
 
Answer Stats
Answer % Correct
Holding out for a Hero
78%
Total Eclipse of the Heart
78%
It's a heartache
44%
If you were a woman (and I was a man)
33%
If I sing you a love song
22%
Lost in France
22%
Loving you's a dirty job
22%
Take me back
11%
The Best
11%
Have you ever seen the rain?
0%
No matching quizzes found
Score Distribution
Percent of People with Each Score
Percentile by Number Answered
Your Score History
You have not taken this quiz